Things that begin with F - Statistics

General Stats
  • This quiz has been taken 249 times
  • The average score is 14 of 15
Answer Stats
Hint Answer % Correct
European country France | Finland
100%
Day of the week Friday
100%
Shortest month of the year February
99%
Apples, oranges and mangos are all types of Fruit
99%
Pink animal Flamingo
96%
US state Florida
95%
Automobile company based in America Ford
94%
Type of utensil Fork
93%
Fine powder used mainly in baking Flour
91%
Piece of cloth representing a nation Flag
90%
Amphibian usually living in moist areas Frog
90%
Woodwind instrument Flute
89%
The current pope Francis
87%
One of the largest German city Frankfurt
86%
Assassinated person that led to the start of WW1 Franz Ferdinand
80%
No matching quizzes found
Score Distribution
Percent of People with Each Score
Percentile by Number Answered
Your Score History
You have not taken this quiz